00361nam a2200145Ia 4500008004100000041000800041082001800049100001800067245004300085250001200128260003300140300000800173365001600181700001800197230718s9999 xx 000 0 und d aeng a621.3815bGAY aGayakwad R.A. aOp-Amps And Linear Integrated Circuits a4th ed. c2003bPrentice Hall Of India a543 cRs.b195.00 aGayakwad R.A.